01638nab a22002657a 4500999001500000003000400015005001700019008004100036040000700077100002800084245014700112260007300259300001300332500003500345505047500380505011200855505008200967650002301049650003401072650003201106650002901138700003701167773015501204942001301359 c5557d5557OSt20251218075405.0190429b xxu||||| |||| 00| 0 spa d cPJ 96536aVitale, Federica 10aMás allá de las palabras : bla perspectiva de género como desafío transversal para la justicia /cFederica Vitale, Clara Camilletti. cCiudad Autónoma de Buenos Aires :aThomson Reuters La Ley, b2025. ap. 68-73 aCita: TR LALEY AR/DOC/412/2025 aSumario: I. El tribunal de Casación de la Provincia de Buenos Aires anuló el veredicto de culpabilidad de un jurado popular y ordenó un nuevo juicio.— II. El rol crucial de las instrucciones finales en los juicios por jurado. La importancia de la perspectiva de género en el ámbito de la justicia y, especialmente, en el caso de mujeres acusadas.— III. Un camino que se debe seguir construyendo.— IV. Conclusión: oportunidad para dar el siguiente paso. aFallo comentado: TCasación Penal, Buenos Aires, sala I ~ 15/08/2024 ~ B., S. F. s/ recurso de casación. tSi te interesa el texto completo, solicitalo a koha@justierradelfuego.gov.ar  09343aDERECHO PENAL 094044aPERSPECTIVA DE GÉNERO 093053aVIOLENCIA DE GÉNERO 093067aJUICIO POR JURADOS aCamilletti, Claraecoautor965380 0265893164tRevista de derecho penal y criminología. Nº 3 - Abril 2025dCiudad Autónoma de Buenos Aires : Thomson Reuters La Ley, 2017-x00347914 2udccANA